Vệ sinh lao động

Đã lưu trong:
書目詳細資料
主要作者: Nguyễn Bát Can
格式: 圖書
語言:Undetermined
出版: Hà Nội Y học 1982
主題:
標簽: 添加標簽
沒有標簽, 成為第一個標記此記錄!
Thư viện lưu trữ: Trung tâm Học liệu Trường Đại học Cần Thơ
LEADER 00553nam a2200181Ia 4500
001 CTU_7820
008 210402s9999 xx 000 0 und d
082 |a 614 
082 |b C105vl 
100 |a Nguyễn Bát Can 
245 0 |a Vệ sinh lao động 
245 0 |c Nguyễn Bát Can 
260 |a Hà Nội 
260 |b Y học 
260 |c 1982 
650 |a health education,medicine, industrial,occupational medicine,public health 
904 |i Nguyễn Huỳnh Mai, 960831 
980 |a Trung tâm Học liệu Trường Đại học Cần Thơ